Approaching the Babylonian economy : (Record no. 45530)
[ view plain ]
| 000 -LEADER | |
|---|---|
| fixed length control field | 01607cam a2200349 a 4500 |
| 001 - CONTROL NUMBER | |
| control field | 14317623 |
| 005 - DATE AND TIME OF LATEST TRANSACTION | |
| control field | 20190222164242.0 |
| 008 - FIXED-LENGTH DATA ELEMENTS--GENERAL INFORMATION | |
| fixed length control field | 060327s2005 gw a b 101 0 eng d |
| 010 ## - LIBRARY OF CONGRESS CONTROL NUMBER | |
| LC control number | 2006370753 |
| 020 ## - INTERNATIONAL STANDARD BOOK NUMBER | |
| International Standard Book Number | 3934628796 |
| 035 ## - SYSTEM CONTROL NUMBER | |
| System control number | (OCoLC)ocm63197208 |
| 040 ## - CATALOGING SOURCE | |
| Original cataloging agency | OHX |
| Transcribing agency | OHX |
| Modifying agency | XII |
| -- | DLC |
| 245 00 - TITLE STATEMENT | |
| Title | Approaching the Babylonian economy : |
| Remainder of title | proceedings of the START project symposium held in Vienna, 1-3 July 2004 / |
| Statement of responsibility, etc | edited by Heather D. Baker, Michael Jursa. |
| 260 ## - PUBLICATION, DISTRIBUTION, ETC. (IMPRINT) | |
| Place of publication, distribution, etc | Münster : |
| Name of publisher, distributor, etc | Ugarit-Verlag, |
| Date of publication, distribution, etc | c2005. |
| 300 ## - PHYSICAL DESCRIPTION | |
| Extent | x, 448 p. : |
| Other physical details | ill. ; |
| Dimensions | 25 cm. |
| 336 ## - CONTENT TYPE | |
| Content Type Term | text |
| 337 ## - MEDIA TYPE | |
| Media Type Term | unmediated |
| 338 ## - CARRIER TYPE | |
| Carrier Type Term | volume |
| 440 #0 - SERIES STATEMENT/ADDED ENTRY--TITLE | |
| Title | Alter Orient und Altes Testament ; |
| Volume number/sequential designation | Bd. 330 |
| 440 #0 - SERIES STATEMENT/ADDED ENTRY--TITLE | |
| Title | Veröffentlichungen zur Wirtschaftsgeschichte Babyloniens im 1. Jahrtausend v. Chr. ; |
| Volume number/sequential designation | Bd. 2 |
| 500 ## - GENERAL NOTE | |
| General note | Papers presented at a symposium held under the auspices of the START-Programm, an agency of the Fonds zur Förderung der Wissenschaftlichen Forschung, Austria. |
| 504 ## - BIBLIOGRAPHY, ETC. NOTE | |
| Bibliography, etc | Includes bibliographical references (p. [393]-416) and indexes. |
| 546 ## - LANGUAGE NOTE | |
| Language note | Ten contributions in English, 3 in German, and 2 in French. |
| 650 #0 - SUBJECT ADDED ENTRY--TOPICAL TERM | |
| Topical term or geographic name as entry element | Akkadian language |
| Form subdivision | Texts |
| -- | Congresses. |
| 651 #0 - SUBJECT ADDED ENTRY--GEOGRAPHIC NAME | |
| Geographic name | Babylonia |
| General subdivision | Economic conditions |
| Form subdivision | Congresses. |
| 700 1# - ADDED ENTRY--PERSONAL NAME | |
| Personal name | Baker, Heather D. |
| 700 1# - ADDED ENTRY--PERSONAL NAME | |
| Personal name | Jursa, Michael. |
| 710 2# - ADDED ENTRY--CORPORATE NAME | |
| Corporate name or jurisdiction name as entry element | Fonds zur Förderung der Wissenschaftlichen Forschung (Austria) |
| 856 41 - ELECTRONIC LOCATION AND ACCESS | |
| Materials specified | Table of contents only |
| Uniform Resource Identifier | <a href="http://www.loc.gov/catdir/toc/fy0613/2006370753.html">http://www.loc.gov/catdir/toc/fy0613/2006370753.html</a> |
| 942 ## - ADDED ENTRY ELEMENTS (KOHA) | |
| Source of classification or shelving scheme | Library of Congress Classification |
| Item type | Books |
| Withdrawn status | Lost status | Source of classification or shelving scheme | Damaged status | Not for loan | Home library | Current library | Shelving location | Date acquired | Source of acquisition | Inventory number | Total Checkouts | Full call number | Barcode | Date last seen | Price effective from | Koha item type |
|---|---|---|---|---|---|---|---|---|---|---|---|---|---|---|---|---|
| Library of Congress Classification | BSOP Library | BSOP Library | David Weisberg Collection | 02/22/2019 | Donated by Dr. David and Oprah Weisberg | 45310 | HC34 Ap6 2005 | 00056310 | 02/22/2019 | 02/22/2019 | Books |
